000 01390nam2a22002531 4500
001 v19\rc\1528822
005 20250618194141.0
035 _a(NLR Aleph) 004682528
090 _a3826774
_c3826774
100 _a20060620d1910 |||y0rusy50 ca
101 0 _arus
102 _aRU
105 _ay z |||||
200 0 _aчрезвычайной сессии 26-го июля, 2-й очередной сессии 14-го трехлетия [1910 года]
210 _d1910
_aБ. м.
215 _a619 с. разд. паг.
461 0 _1001v19\rc\1528796
_12001#$aЖурналы... Грязовецкого уездного земского собрания... и доклады Управы$vчрезвычайной сессии 26-го июля, 2-й очередной сессии 14-го трехлетия [1910 года]
_93826436
_aГрязовецкое уезд. земское собрание
_cВологда
_d1887-1915
_tЖурналы... Грязовецкого уездного земского собрания... и доклады Управы
_vчрезвычайной сессии 26-го июля, 2-й очередной сессии 14-го трехлетия [1910 года]
801 0 _aRU
_bNLR
_gpsbo
801 0 _aRU
_bRuMoRGB
_2psbo
801 1 _aRU
_bProSoft-M
_2rusmarc
852 _aNLR
_bЗем
_j7-3/Ж1
899 _aRuMoRGB
_jP 8/157
942 _cBOOK
980 _aNB